Statistics for Pre Timeskip One Piece Trivia

Click here to take the quiz!

General Stats

  • This quiz has been taken 23 times
  • The average score is 7 of 16

Answer Stats

HintAnswer% Correct
who was the first admiral the strawhats met?aokiji
95%
what was the ancient weapon that crocodile was trying to obtain?pluton
81%
how many hours per day does magellan spend on the toilet?10
76%
when putting jaya and skypiea together on a map, what shape is made?skull
76%
how much money did the strawhats get by pawning their treasure in water 7? (digits only, no commas or words)300000000
67%
who did blackbeard kill to get kicked out of whitebeard's crew?thatch
52%
who was the actor that doctor hogback obsessed over?cindry
48%
what illegal substance created rain?dance powder
43%
what did luffy consume on amazon lily that almost killed him?mushrooms
38%
what was the name of iceburg's pet mouse?tyrannosaurus
29%
what cipher pol agent was present at ohara's demise?spandine
24%
what did the man-eating lions in impel down talk about the most?underwear
19%
what was the name of the celestial dragon who visited goa kingdom?jalmack
10%
what was the name of the team karoo was a part of? (funimation dub)supersonic duck squadron
10%
what was doffy doing before artificial devil fruits?slave trade
5%
how did nami get sick after little garden?tick bite
5%

Score Distribution

Percentile by Number Answered

Percent of People with Each Score

Your Score History

You have not taken this quiz